One hundred years of solitude

Uloženo v:
Podrobná bibliografie
Hlavní autor: Gabriel García Márquez
Médium: Kniha
Jazyk:Undetermined
Vydáno: London Everyman's Library 1998
Témata:
Tagy: Přidat tag
Žádné tagy, Buďte první, kdo otaguje tento záznam!
Thư viện lưu trữ: Trung tâm Học liệu Trường Đại học Cần Thơ
LEADER 00541nam a2200169Ia 4500
001 CTU_33929
008 210402s9999 xx 000 0 und d
082 |a 863.6 
082 |b M357h 
100 |a Gabriel García Márquez 
245 0 |a One hundred years of solitude 
245 0 |c Gabriel García Márquez, Gregory Rabassa 
260 |a London 
260 |b Everyman's Library 
260 |c 1998 
650 |a colombiam fiction - 20th century,colombian literature - 20th century 
980 |a Trung tâm Học liệu Trường Đại học Cần Thơ